000 00757cab a2200229 4500
001 ABS57196
008 090401t1997 xxu||||| |||| 00| 0 eng d
035 _a(Sirsi) u98476
041 _aeng
100 _aDavey, N.
245 _aAppraisal without fear or favour
260 _c1997
350 _a0
490 _aProperty Week
_v59(9) 30 May 1997, 20(1)
520 _aAppraisals of staff are now popular in professional firms, but not so of the partners. Considers purpose and form of an appraisal system, the appraiser and strategic values of appraisals.
650 _aAPPRAISALS
650 _aPARTNERS
650 _aPRACTICE MANAGEMENT
690 _aMANAGEMENT-BUSINESS MANAGEMENT-PROFESSIONAL PRACTICE
942 _n0
948 _c13/06/1997
999 _c59861
_d59861